000 nam a22 7a 4500
999 _c332210
_d332210
003 NUST
005 20171120110553.0
008 171120b xxu||||| |||| 00| 0 eng d
040 _c0
082 _a631.583 GTZ
245 _aGreenhouse Gas Inventory Preparation Workshop:
_bAsia least-cost Greenhouse gas abatement strategy
260 _aIslamabad
_bGHG Inventory
_c1996.
300 _aVarious pages
500 _aP.B
942 _2ddc
_cBK
_kIESE